Statistics for NHL MVPs with No Championships

Click here to take the quiz!

General Stats

  • This quiz has been taken 29 times
  • The average score is 6 of 12

Answer Stats

MVP yearPlayer% Correct
2017Connor McDavid
96%
2019Nikita Kucherov
85%
2018Taylor Hall
85%
2010Henrik Sedin
73%
2015Carey Price
62%
2006Joe Thornton
58%
2002José Théodore
35%
1995Eric Lindros
35%
1950Chuck Rayner
12%
1927Herb Gardiner
8%
1942Tom Anderson
4%
1925Billy Burch
4%

Score Distribution

Percentile by Number Answered

Percent of People with Each Score

Your Score History

You have not taken this quiz